İzmir kartpostalları 1900 (Record no. 5352)
[ view plain ]
| 000 -BAŞLIK | |
|---|---|
| Sabit Uzunlukta Kontrol Alanı | 00833na a2200277 4500 |
| 001 - KONTROL NUMARASI | |
| Denetim Alanı | 16758 |
| 003 - KONTROL NUMARASI IDENTIFIER | |
| Denetim Alanı | MIRAKIL |
| 005 - SON İŞLEM TARİHİ VE ZAMANI | |
| Denetim Alanı | 20181213155034.0 |
| 008 - SABİT-BOY VERİ ELEMANLARI - GENEL BİLGİLER | |
| Sabit Uzunlukta Kontrol Alanı | 170209b tu 000 0 |
| 020 ## - ULUSLARARASI STANDART KİTAP NUMARASI | |
| Uluslararası Standart Kitap Numarası | 9751800838 |
| 040 ## - KATALOGLAMA KAYNAK | |
| Orijinal Kataloglama Ajansı | Milas |
| Kataloglama Dili | tur |
| Metne Dönüştürmek Ajansı | TR-AnCHP |
| 041 ## - DİL KODU | |
| Metin / Ses Parça Veya Ayrı Başlığın Dil Kodu | tur |
| -- | eng |
| 082 ## - DEWEY ONLU SINIFLANDIRMA NUMARASI | |
| Sınıflandırma Numarası | 956.211 |
| Ürün Numarası | İ95 2003 |
| 090 ## - SINIFLAMA NUMARASI | |
| Sınıflama Numarası | 956.211 İ95 2003 |
| 245 ## - BAŞLIK TABLOSU | |
| Başlık | İzmir kartpostalları 1900 |
| Başlığın Kalan | =Izmir in postcars 1900 |
| Sorumluluk Tablosu, Vb | hazırlayanlar Fikret Yılmaz, Sabri Yetkin |
| 246 ## - UNVAN FORM VARYING | |
| Başlık Doğru / Kısa Başlığı | Izmir in postcars 1900 |
| 260 ## - YAYIN, DAĞITIM, VB | |
| Yayın, Dağıtım, Vb Yeri | İzmir |
| Yayıncı, Dağıtıcı, Vs Adı | İzmir Büyükşehir Belediyesi Kültür Yayını |
| Yayın, Dağıtım, Vb Tarihi | 2003 |
| 300 ## - FİZİKSEL TANIM | |
| Kapsam | 320 s. |
| Diğer Fiziksel Ayrıntıları | fotg. |
| Boyutlar | 31 sm. |
| 440 ## - SERİSİ TABLOSU / KATMA GİRİŞİ - BAŞLIK | |
| Başlık | Kent Kitaplığı Dizisi |
| Hacim / Ardışık Tanımı | 40 |
| 650 ## - KONU KATMA GİRİŞ - TOPİKAL DÖNEM | |
| Topikal Süreli Veya Coğrafi Ad Giriş Elemanı | Kartpostallar |
| Coğrafi Alt Bölümü | İzmir |
| 651 ## - KONU KATMA GİRİŞ - COĞRAFİ ADI | |
| Coğrafi İsim | İzmir |
| Genel Alt Bölümü | Tarih |
| 700 ## - KATMA GİRİŞ - KİŞİSEL İSİM | |
| Kişisel Ad | Binzet, Seyhun |
| 700 ## - KATMA GİRİŞ - KİŞİSEL İSİM | |
| Kişisel Ad | Yetkin, Sabri |
| 700 ## - KATMA GİRİŞ - KİŞİSEL İSİM | |
| Kişisel Ad | Yılmaz, Fikret |
| 942 ## - EKLENDİ GİRİŞ ELEMANLARI (KOHA) | |
| Sınıflandırma Veya Raf Düzeni Kaynak | Dewey Decimal Classification |
| Koha Öğesi Türü | Books |
| 999 ## - SİSTEM KONTROL NUMARALARI (KOHA) | |
| Koha Biblionumber | 5352 |
| Koha Biblioitemnumber | 5352 |
| Kalıcı Konum | Mevcut Konum | Edinme Tarihi | Edinim Kaynak | Toplam Check-Out'Lar | Tam Çağrı Numarası | Barkod | Tarih Son Görülme | İtibaren Geçerli Fiyatlar | Koha Öğesi Türü | Kopya Sayısı |
|---|---|---|---|---|---|---|---|---|---|---|
| CHP Kütüphanesi | CHP Kütüphanesi | 10/13/2016 | Bağış | 956.211 İ95 2003 | 006884 | 10/13/2016 | 10/13/2016 | Books | ||
| CHP Kütüphanesi | CHP Kütüphanesi | 02/09/2017 | Bağış | 956.211 İ95 2003 | 012940 | 02/09/2017 | 02/09/2017 | Books | k.2 |
